| 000 | 00619nam a22001697a 4500 | ||
|---|---|---|---|
| 999 |
_c12511 _d12511 |
||
| 008 | 241001b 2022 ||||| |||| 00| 0 eng d | ||
| 020 | _a9789280117479 | ||
| 082 |
_a341.75668 _bIMO |
||
| 110 | _aIMO - International Maritime Organization | ||
| 245 |
_aIMDG code : International maritime dangerous goods code : vol. 2 _bincorporating amendment 41-22 |
||
| 260 |
_aLondon _bIMO - International Maritime Organization _c2022 |
||
| 300 | _av, 384p. | ||
| 650 | _aDangerous goods packed in limited quantities | ||
| 650 | _aConsignment Procedures | ||
| 650 | _aProvisions concerning transport operations | ||
| 942 | _cBK | ||